500 [i.e. Quinientas] ideas : materiales para suelos y otros acabados /

Guardado en:
Bibliografiske detaljer
Hovedforfatter: Lleonart, Aitana (ed.)
Format: Bog
Sprog:spansk
Udgivet: Barcelona, España : Colonia, Alemania : Loft ; Frechmann Kolón GmbH, 2012, c2012
Fag:
Tags: Tilføj Tag
Ingen Tags, Vær først til at tagge denne postø!

MARC

LEADER 00000nam^a2200000^a^4500
001 000341170
005 20250521000000.0
009 20260310114516.226
020 |a 978-84-9936-744-6 
037 |a Acervo ITESO - Biblioteca 
041 |a ESP 
082 |a 721. 6  |b LLE 
100 |a Lleonart, Aitana  |e (ed.) 
245 1 0 |a 500 [i.e. Quinientas] ideas :  |b materiales para suelos y otros acabados /  |c Ed. de A. Lleonart. 
264 4 |a Barcelona, España :  |b Loft ;  |a Colonia, Alemania :  |b Frechmann Kolón GmbH,  |c 2012, c2012 
300 |a 255 p. 
336 |a texto  |b txt  |2 rdacontenido 
337 |a sin mediación  |b n  |2 rdamedio 
338 |a volumen  |b nc  |2 rdasoporte 
546 |a Edición multilingüe 
649 |a XX 
650 |a Materiales de Construcción -  |x Tema Principal 
650 |a Pisos -  |x Tema Principal 
650 |a Elementos Arquitectónicos 
650 |a Acabado Arquitectónicos 
650 |a Construcción 
650 |a Arquitectura -  |x Tema Principal 
650 |a Arquitectura (Tendencias Recientes) -  |x Técnica 
650 |a Arquitectura -  |x Técnica 
650 |a Arquitectura -  |y Siglo XXI 
650 |a Arte (Tendencias Recientes) -  |x Técnica 
650 |a Arte -  |x Técnica 
650 |a Arte -  |y Siglo XXI 
910 |a Fondo General 
920 |a Impresos - Libros 
930 |a Colección General 
905 |a 101 
901 |a 0500231147  |b IT1  |c ACC  |i C140283  |u 20250521 
902 |a https://opac.biblio.iteso.mx/vufind/Record/000341170